गंगा बहे र रात (Record no. 961320)

MARC details
000 -LEADER
fixed length control field 00349nam a2200133Ia 4500
008 - FIXED-LENGTH DATA ELEMENTS--GENERAL INFORMATION
fixed length control field 151001s9999||||xx |||||||||||||| ||und||
100 ## - MAIN ENTRY--PERSONAL NAME
Personal name कुश्नचंदर
245 ## - TITLE STATEMENT
Title गंगा बहे र रात
250 ## - EDITION STATEMENT
Edition statement 1
260 ## - PUBLICATION, DISTRIBUTION, ETC. (IMPRINT)
Name of publisher, distributor, etc हिंद पॉकेट बुक्स
260 ## - PUBLICATION, DISTRIBUTION, ETC. (IMPRINT)
Date of publication, distribution, etc 1980
300 ## - PHYSICAL DESCRIPTION
Extent 165
365 ## - TRADE PRICE
Price amount 16

No items available.